000 01705nam a2200445 i 4500
001 30717
003 KOSZ 005
005 20230222140536.0
008 980713s1995 pl a f |000 0 pol
015 _aPB 1997/11526
040 _aWA N
_cWA N
_dKOSZ 005/HR
041 0 _apol
_beng
046 _k1995
080 _a661.5
080 _a504(438)
100 1 _aMalik, Krzysztof
_d(1964- )
_eAutor
245 1 0 _aAnaliza sozoekonomiczna przedsiębiorstwa przemysłowego :
_bstudium na przykładzie Zakładów Azotowych "Kędzierzyn" S.A. i opolskiego obszaru ekologicznego zagrożenia /
_cKrzysztof Malik.
260 _aOpole :
_bWSI,
_c1995.
300 _a139 s. :
_b2 mapy, 1 wykr. ;
_c24 cm.
336 _2rdacontent
_aTekst
_btxt
337 _2rdamedia
_aBez urządzenia pośredniczącego
_bn
338 _2rdacarrier
_aWolumin
_bnc
380 _aKsiążki
388 _a1901-2000
388 _a1989-2000
490 1 _aStudia i Monografie / Wyższa Szkoła Inżynierska w Opolu,
_x0239-5991 ;
_vz. 85.
504 _aBibliogr. s. 131-136, wykaz aktów prawnych s. 137-138.
546 _aStreszcz. ang.
610 2 4 _aZakłady Azotowe Kędzierzyn
650 4 _aAzot
650 4 _aWpływ na środowisko
651 4 _aKędzierzyn-Koźle (woj. opolskie)
651 4 _aKędzierzyn-Koźle (woj. opolskie ; okolice)
651 4 _aOpole (woj. opolskie ; okolice)
651 4 _aPolska
658 _aOchrona środowiska
830 0 _aStudia i Monografie - Wyższa Szkoła Inżynierska w Opolu
_vz. 85
856 _uhttp://koha.tu.koszalin.pl/cgi-bin/koha/opac-detail.pl?biblionumber=30717
_yKatalog online BPK
942 _2UKD
_cKS
999 _c30717
_d30717